OD CZEGO MOŻNA SIĘ UZALEŻNIĆ - Statystyki

Ogólne statystyki
  • Ten quiz został rozwiązany 171 razy
  • Średni wynik to 4 z 6
Statystyki odpowiedzi
Odpowiedź % Poprawnych
ALKOHOLU
89%
PAPIEROSÓW
85%
NARKOTYKÓW
84%
TELEFONU
60%
GIER
40%
KAWY
40%
Nie znaleziono quizów pasujących do podanych kryteriów
Rozkład punktacji
Procent ludzi z każdym wynikiem
Percentyl według liczby udzielonych odpowiedzi
Twoja historia wyników
Nie rozwiązałeś tego quizu